Statistiken für Italienische Vornamen raten (G-V)

Klicken Sie hier um das Quiz zu spielen!

Allgemein

  • Dieses Quiz wurde 78 mal gespielt
  • Das Durchschnittsergebnis liegt bei 14 aus 25

Antwortstatistiken

ItalienischDeutsch% Korrekt
MarcoMark/ Markus/ Marc
93%
LorenzoLorenz/ Laurenz
92%
LucaLukas
90%
Giuliana/ GiuliaJulianne/ Julia
85%
Giulio/ GiulianoJulian/ Julius
79%
MassimilianoMaximilian
77%
GiuseppeJosef/ Joseph
74%
Paolo/ PaolaPaul/ Paula
70%
PatrizioPatrick
66%
MicheleMichael
64%
StefanoStefan
62%
RiccardoRichard
61%
Giovanna/ GiannaJohanna
56%
MatteoMatthias
54%
VincenzoVinzent/ Vincent
51%
Piero/ PietroPeter
48%
VittoriaViktoria
48%
MarioMarius
44%
LuigiLudwig/ Luis/ Alois
43%
Niccolò/ NicolaNikolas/ Niklas
43%
TeresaTheresa
36%
MaurizioMoritz
33%
GiustinoJustin
28%
GuglielmoWilhelm
10%
RinaldoReinhold
5%

Verteilung der Resultate

Perzentil nach korrekt beantworteten Fragen

Anzahl Personen mit jedem Resultat

Ihre Resultats-Entwicklung

Sie haben dieses Quiz noch nicht gespielt